[Event "POL-ch"]
[Site "Chorzow POL"]
[Date "2013.04.??"]
[Round "6"]
[White "Duda, Jan-Krzysztof"]
[Black "Szelag, Marcin"]
[Result "1/2-1/2"]
[WhiteElo "2497"]
[BlackElo "2484"]
[EventDate "2013.04.13"]
[PlyCount "94"]

1.e4 e6 2.d4 d5 3.Nc3 Nf6 4.Bg5 Bb4 5.e5 h6 6.Bd2 Bxc3 7.bxc3 Ne4 8.Qg4 g6
9.Bd3 Nxd2 10.Kxd2 c5 11.Nf3 Bd7 12.h4 Qe7 13.Qf4 Bc6 14.Nh2 cxd4 15.cxd4 
g5 16.Qf6 Qxf6 17.exf6 Nd7 18.Ng4 O-O-O 19.h5 Kc7 20.Rae1 Kd6 21.Ne5 Rhf8 
22.Nxd7 Bxd7 23.Re5 Rc8 24.g4 Rg8 25.Rb1 b6 26.Rg1 Ba4 27.f4 gxf4 28.g5 
hxg5 29.h6 Rh8 30.Rh1 g4 31.Rg5 g3 32.c3 a6 33.h7 Bb5 34.Rhh5 Bxd3 35.Kxd3
e5 36.dxe5+ Ke6 37.Rg4 Rc4 38.Rg8 f3 39.Rxg3 Rf4 40.Rg1 f2 41.Rf1 Rf5 42.
Rxf5 Kxf5 43.Rxf2+ Kxe5 44.Rh2 Kxf6 45.Rh6+ Kg5 46.Rxb6 Rxh7 47.Rxa6 f5 
1/2-1/2

[Event "POL-ch"]
[Site "Chorzow POL"]
[Date "2013.04.??"]
[Round "6"]
[White "Kanarek, Marcel"]
[Black "Urban, Klaudiusz"]
[Result "0-1"]
[WhiteElo "2482"]
[BlackElo "2467"]
[EventDate "2013.04.13"]
[PlyCount "180"]

1.d4 d5 2.c4 e6 3.Nc3 Nf6 4.Bg5 Be7 5.e3 O-O 6.cxd5 Nxd5 7.Bxe7 Qxe7 8.
Nxd5 exd5 9.Bd3 c5 10.Ne2 c4 11.Bc2 Bg4 12.f3 Bh5 13.Qd2 Bg6 14.Bxg6 hxg6 
15.Nc3 Qd7 16.O-O Na6 17.a3 Nc7 18.e4 b5 19.Rae1 Rfe8 20.exd5 Nxd5 21.
Rxe8+ Rxe8 22.Re1 Rxe1+ 23.Qxe1 Nc7 24.Qe5 a5 25.Qc5 Ne6 26.Qxb5 Qxd4+ 27.
Kf1 Qd3+ 28.Kg1 Qe3+ 29.Kf1 Qc1+ 30.Kf2 Qd2+ 31.Kg3 Qe1+ 32.Kh3 g5 33.g3 
Qf1+ 34.Kg4 g6 35.Qe8+ Kg7 36.Qe7 Qd3 37.Ne4 Qd4 38.Kh3 g4+ 39.Kxg4 Qe5 
40.Ng5 Qd4+ 41.Ne4 Qxb2 42.Nd6 Qd4+ 43.Kh3 Ng5+ 44.Kg2 Qd2+ 45.Kf1 Qd1+ 
46.Kf2 Qxf3+ 47.Ke1 Qh1+ 48.Kd2 Nf3+ 49.Kc2 Qxh2+ 50.Kc3 Qd2+ 51.Kxc4 Qc2+
52.Kd5 Qb3+ 53.Kc5 Qxa3+ 54.Kb6 Qb3+ 55.Kxa5 Qe6 56.Ne8+ Kh6 57.Qf8+ Kg5 
58.Nd6 Ne5 59.Qd8+ f6 60.Kb5 Qd5+ 61.Ka4 Qd1+ 62.Kb5 Qd5+ 63.Ka4 Qa2+ 64.
Kb5 Qb3+ 65.Kc5 Qc3+ 66.Kd5 Qd3+ 67.Kc5 Qc2+ 68.Kb5 Qc6+ 69.Kb4 Qd5 70.Qf8
Qd4+ 71.Kb3 Qd3+ 72.Kb4 Qd2+ 73.Kb3 Qd1+ 74.Kc3 Qe1+ 75.Kc2 Qf2+ 76.Kb1 
Qe1+ 77.Kc2 Qf2+ 78.Kb1 Kg4 79.Qc8+ f5 80.Qe6 Qxg3 81.Qf6 Qe1+ 82.Kc2 Qe2+
83.Kc3 Qd3+ 84.Kb4 Qd4+ 85.Kb5 Qd5+ 86.Kb4 f4 87.Kc3 f3 88.Ne8 Qd3+ 89.Kb4
Qc4+ 90.Ka3 Qc5+ 0-1

[Event "POL-ch"]
[Site "Chorzow POL"]
[Date "2013.04.??"]
[Round "6"]
[White "Gajek, Radoslaw"]
[Black "Macieja, Bartlomiej"]
[Result "1/2-1/2"]
[WhiteElo "2303"]
[BlackElo "2608"]
[EventDate "2013.04.13"]
[PlyCount "109"]

1.e4 c6 2.d4 d5 3.Nd2 dxe4 4.Nxe4 Bf5 5.Ng3 Bg6 6.Nh3 e6 7.Nf4 Qh4 8.c3 
Nd7 9.Qf3 Ngf6 10.Nxg6 hxg6 11.Bd3 e5 12.Be3 Qg4 13.Qxg4 Nxg4 14.h3 Nxe3 
15.fxe3 Be7 16.O-O f5 17.e4 f4 18.Ne2 Bd8 19.g3 g5 20.Kg2 Bf6 21.h4 fxg3 
22.hxg5 Bxg5 23.Nxg3 O-O-O 24.Rad1 Bf6 25.Be2 Kc7 26.Bg4 Nb6 27.dxe5 Bxe5 
28.Be2 Rxd1 29.Bxd1 Nc4 30.Rf7+ Kb6 31.Bb3 Nxb2 32.Nf5 a5 33.Re7 Bf6 34.
Rd7 a4 35.Be6 Bxc3 36.Nxg7 Be5 37.Nf5 Rh2+ 38.Kf3 Rh3+ 39.Kg4 Rc3 40.Ne7 
Ka6 41.Ng6 Rc5 42.Kf5 Bc3+ 43.e5 b5 44.Ke4 b4 45.Bf7 Nc4 46.e6 b3 47.axb3 
axb3 48.e7 b2 49.Rd1 Nd6+ 50.Kd3 Bf6 51.Ba2 Ne8 52.Ke2 Rc1 53.Rd8 Ng7 54.
Rg8 Ra1 55.Bc4+ 1/2-1/2

[Event "POL-ch"]
[Site "Chorzow POL"]
[Date "2013.04.??"]
[Round "6"]
[White "Czakon, Jakub"]
[Black "Licznerski, Lukasz"]
[Result "1-0"]
[WhiteElo "2485"]
[BlackElo "2338"]
[EventDate "2013.04.13"]
[PlyCount "55"]

1.f4 Nf6 2.Nf3 g6 3.g3 Bg7 4.Bg2 O-O 5.O-O d6 6.d3 e5 7.e4 Nc6 8.Nc3 exf4 
9.Bxf4 h6 10.Qd2 Kh7 11.d4 d5 12.exd5 Ne7 13.Be5 Nexd5 14.Nxd5 Nxd5 15.
Bxg7 Kxg7 16.c4 Ne7 17.d5 Qd6 18.Qc3+ f6 19.Rae1 c5 20.Nd2 Nf5 21.Ne4 Qb6 
22.Qa3 Nd6 23.Nxf6 Rxf6 24.Rxf6 Kxf6 25.Qc3+ Kf7 26.Qh8 Bf5 27.Qxa8 Bc8 
28.Qb8 1-0

[Event "POL-ch"]
[Site "Chorzow POL"]
[Date "2013.04.??"]
[Round "7"]
[White "Markowski, Tomasz"]
[Black "Gajewski, Grzegorz"]
[Result "0-1"]
[WhiteElo "2558"]
[BlackElo "2653"]
[EventDate "2013.04.13"]
[PlyCount "72"]

1.d4 Nf6 2.Nf3 d5 3.c3 g6 4.Bf4 Bg7 5.e3 O-O 6.Be2 c5 7.Nbd2 Nc6 8.dxc5 a5
9.a4 Nh5 10.Bg5 h6 11.Bh4 g5 12.Nd4 gxh4 13.Bxh5 e5 14.Nb5 Qe7 15.O-O Be6 
16.e4 Rad8 17.exd5 Rxd5 18.Bf3 Rxc5 19.Qe2 f5 20.Qe3 Bf6 21.Rfd1 e4 22.Be2
Bg5 23.Qh3 Ne5 24.Nd4 Bc8 25.f4 Bxf4 26.N2b3 Rc7 27.Nb5 Ng4 28.Rf1 Bxh2+ 
29.Kh1 Bg3 30.N3d4 Nf2+ 31.Rxf2 Bxf2 32.Nxc7 Qxc7 33.Rf1 Qg3 34.Bc4+ Kh8 
35.Ne6 Bxe6 36.Bxe6 e3 0-1

[Event "POL-ch"]
[Site "Chorzow POL"]
[Date "2013.04.??"]
[Round "7"]
[White "Socko, Bartosz"]
[Black "Swiercz, Dariusz"]
[Result "1-0"]
[WhiteElo "2651"]
[BlackElo "2622"]
[EventDate "2013.04.13"]
[PlyCount "91"]

1.e4 c5 2.Nf3 d6 3.d4 cxd4 4.Nxd4 Nf6 5.Nc3 a6 6.Be3 e5 7.Nb3 Be7 8.Qd2 
O-O 9.O-O-O Nbd7 10.f3 b5 11.g4 b4 12.Nd5 Nxd5 13.Qxd5 Rb8 14.Qa5 Bg5 15.
Bd2 Bxd2+ 16.Rxd2 Rb6 17.Be2 Qc7 18.Rhd1 Qb8 19.Kb1 Nf6 20.c4 bxc3 21.Qxc3
Be6 22.Na5 Rc8 23.Qa3 Qc7 24.Nb3 h6 25.Rc1 Qb8 26.Rxc8+ Bxc8 27.Na5 Be6 
28.Nc4 Bxc4 29.Bxc4 Qc8 30.Rc2 Qb7 31.Qa5 Kf8 32.h4 Ke7 33.g5 hxg5 34.hxg5
Nd7 35.Bd5 Qb8 36.a3 Nc5 37.Ka2 Ne6 38.Bxe6 Kxe6 39.Qd5+ Ke7 40.b4 Rb7 41.
Rc6 Rb6 42.Kb3 Rxc6 43.Qxc6 Qa7 44.Ka4 Qe3 45.Qc7+ Ke6 46.Qd8 1-0

[Event "POL-ch"]
[Site "Chorzow POL"]
[Date "2013.04.??"]
[Round "7"]
[White "Tomczak, Jacek"]
[Black "Miton, Kamil"]
[Result "1/2-1/2"]
[WhiteElo "2564"]
[BlackElo "2628"]
[EventDate "2013.04.13"]
[PlyCount "81"]

1.e4 c5 2.Nf3 Nc6 3.d4 cxd4 4.Nxd4 e5 5.Nb5 d6 6.a4 Nf6 7.Bg5 a6 8.N5c3 
Be7 9.Bxf6 Bxf6 10.Bc4 Bg5 11.O-O O-O 12.Nd5 Kh8 13.c3 f5 14.Nd2 Ne7 15.
Qe2 Bxd2 16.Qxd2 fxe4 17.Rfe1 Be6 18.Rad1 b5 19.axb5 axb5 20.Nxe7 Bxc4 21.
Qxd6 e3 22.fxe3 Qe8 23.e4 Rf6 24.Qd7 Qf8 25.Nf5 Qc5+ 26.Kh1 Rf7 27.Qd2 g6 
28.b4 Qf8 29.Ne3 Rf2 30.Qd7 Rf7 31.Qd6 Qxd6 32.Rxd6 Rf4 33.Nxc4 Rxe4 34.
Rdd1 Rxe1+ 35.Rxe1 bxc4 36.h3 Ra3 37.Rxe5 Rxc3 38.Rc5 Rc1+ 39.Kh2 c3 40.b5
Rb1 41.Rxc3 1/2-1/2

[Event "POL-ch"]
[Site "Chorzow POL"]
[Date "2013.04.??"]
[Round "7"]
[White "Jaracz, Pawel"]
[Black "Kempinski, Robert"]
[Result "0-1"]
[WhiteElo "2548"]
[BlackElo "2599"]
[EventDate "2013.04.13"]
[PlyCount "62"]

1.e4 c5 2.Nf3 d6 3.d4 cxd4 4.Nxd4 Nf6 5.Nc3 a6 6.h3 e5 7.Nde2 Be7 8.g4 O-O
9.Ng3 Be6 10.Bg2 Nbd7 11.Nf5 Nb6 12.O-O Rc8 13.Be3 Nc4 14.Bc1 b5 15.a3 Re8
16.Qd3 Qc7 17.b3 Bxf5 18.exf5 Nxa3 19.g5 Qxc3 20.Rxa3 Nd7 21.Qd5 Nb6 22.
Qb7 Rb8 23.Qxa6 Qxc2 24.f6 gxf6 25.gxf6 Bxf6 26.Qxb5 Kh8 27.Qc6 Qg6 28.Kh1
Rg8 29.Be3 d5 30.Bxd5 Nxd5 31.Qxd5 e4 0-1

[Event "POL-ch"]
[Site "Chorzow POL"]
[Date "2013.04.??"]
[Round "7"]
[White "Urban, Klaudiusz"]
[Black "Tazbir, Marcin"]
[Result "1/2-1/2"]
[WhiteElo "2467"]
[BlackElo "2555"]
[EventDate "2013.04.13"]
[PlyCount "118"]

1.d4 Nf6 2.c4 g6 3.Nf3 Bg7 4.g3 O-O 5.Bg2 d5 6.cxd5 Nxd5 7.O-O Nb6 8.Nc3 
Nc6 9.e3 Re8 10.d5 Na5 11.Nd4 Bd7 12.Nb3 Nxb3 13.Qxb3 e6 14.e4 a5 15.Be3 
Qe7 16.dxe6 Bxe6 17.Nd5 Bxd5 18.exd5 a4 19.Qb5 a3 20.Bc5 Qe2 21.Qxe2 Rxe2 
22.Bxa3 Nc4 23.Rae1 Rxe1 24.Rxe1 Nxa3 25.bxa3 Rxa3 26.Re2 b6 27.Rc2 Be5 
28.Bf1 Ra4 29.Bc4 Rb4 30.Bb3 Rd4 31.Kf1 Bd6 32.Rc4 Rd2 33.Rc2 Rd1+ 34.Kg2 
Kg7 35.Rxc7 Bxc7 36.Bxd1 b5 37.Kf3 Kf6 38.Ke4 Ke7 39.Be2 b4 40.Kd3 Bd6 41.
Kc4 Kd7 42.h4 Kc7 43.Kb5 Kb7 44.Bd3 Kc7 45.Bc2 Kb7 46.Ba4 Kc7 47.Kc4 Kd8 
48.Bb5 Be7 49.Ba4 Bd6 50.Bd1 Kc7 51.Bc2 Kd8 52.g4 h6 53.Kb5 Kc7 54.Kc4 Kd8
55.Bd1 Kc7 56.f3 Kd8 57.Ba4 Be7 58.h5 gxh5 59.gxh5 Bd6 1/2-1/2

[Event "POL-ch"]
[Site "Chorzow POL"]
[Date "2013.04.??"]
[Round "7"]
[White "Szelag, Marcin"]
[Black "Pakleza, Zbigniew"]
[Result "1-0"]
[WhiteElo "2484"]
[BlackElo "2486"]
[EventDate "2013.04.13"]
[PlyCount "65"]

1.e4 c6 2.d4 d5 3.Nc3 dxe4 4.Nxe4 Nf6 5.Nxf6+ gxf6 6.g3 Qd5 7.Nf3 Bf5 8.c4
Qe4+ 9.Be3 e5 10.Bg2 Bb4+ 11.Ke2 Nd7 12.a3 exd4 13.Nxd4 Qxg2 14.Nxf5 Ne5 
15.Nh4 Qe4 16.axb4 Rd8 17.Qc1 Qd3+ 18.Ke1 O-O 19.Ra3 Qe4 20.f3 Nd3+ 21.
Rxd3 Qxd3 22.Kf2 Rfe8 23.Re1 b6 24.Ng2 Qb3 25.Qc3 Rd3 26.Qxf6 Re6 27.Qg5+ 
Kf8 28.Re2 Qxc4 29.Nf4 Rexe3 30.Rxe3 Rxe3 31.Kxe3 Qxb4 32.Qd8+ Kg7 33.Nh5+
1-0

[Event "POL-ch"]
[Site "Chorzow POL"]
[Date "2013.04.??"]
[Round "7"]
[White "Macieja, Bartlomiej"]
[Black "Czakon, Jakub"]
[Result "1-0"]
[WhiteElo "2608"]
[BlackElo "2485"]
[EventDate "2013.04.13"]
[PlyCount "83"]

1.e4 e5 2.Nf3 Nc6 3.Bb5 Nf6 4.d3 d6 5.O-O Bd7 6.c3 g6 7.Re1 Bg7 8.Nbd2 O-O
9.Nf1 Nh5 10.Bg5 Qe8 11.Ng3 Nxg3 12.hxg3 Nd4 13.Bc4 Nxf3+ 14.gxf3 Be6 15.
Qb3 Bxc4 16.Qxc4 c6 17.d4 exd4 18.cxd4 Qd7 19.Qd3 Rae8 20.Kg2 h6 21.Bd2 f5
22.Re2 Rf7 23.Rae1 g5 24.d5 c5 25.Bc3 fxe4 26.Rxe4 Rxe4 27.Rxe4 Bxc3 28.
bxc3 Rf6 29.c4 a6 30.a4 b6 31.Qb1 Qd8 32.Re3 Kg7 33.Rb3 Qf8 34.Qb2 Kg6 35.
Qc2+ Kg7 36.Qc3 Qd8 37.Qb2 h5 38.Rxb6 Kh6 39.Rb8 Qe7 40.Rh8+ Kg7 41.Rxh5 
Kg6 42.g4 1-0

[Event "POL-ch"]
[Site "Chorzow POL"]
[Date "2013.04.??"]
[Round "7"]
[White "Gajek, Radoslaw"]
[Black "Duda, Jan-Krzysztof"]
[Result "0-1"]
[WhiteElo "2303"]
[BlackElo "2497"]
[EventDate "2013.04.13"]
[PlyCount "116"]

1.e4 e5 2.Nf3 Nc6 3.Bc4 Bc5 4.c3 Nf6 5.d3 a6 6.Bb3 Ba7 7.Nbd2 d6 8.h3 h6 
9.Nf1 Be6 10.Bc2 Ne7 11.Ng3 c5 12.d4 exd4 13.cxd4 c4 14.O-O O-O 15.Be3 Kh8
16.Nh2 Nh7 17.Qd2 f5 18.d5 Bxe3 19.fxe3 Bg8 20.Qd4 Nf6 21.Nxf5 Nxf5 22.
Rxf5 Bh7 23.Rf4 b5 24.Raf1 Qe7 25.Nf3 Rae8 26.Nd2 Qe5 27.Nf3 Qe7 28.Nd2 
Kg8 29.a4 Qe5 30.Nf3 Qe7 31.axb5 axb5 32.Nd2 Ra8 33.Nb1 Qe5 34.Nc3 Qxd4 
35.exd4 b4 36.Nb5 Nxd5 37.Rxf8+ Rxf8 38.Rxf8+ Kxf8 39.exd5 Bxc2 40.Nxd6 
Bd3 41.Nb5 c3 42.Nxc3 bxc3 43.bxc3 Ke7 44.Kf2 Kd6 45.h4 Kxd5 46.Ke3 Bf1 
47.Kf2 Bb5 48.Ke3 g5 49.hxg5 hxg5 50.Kf3 Bd7 51.Ke3 Bf5 52.Kd2 Kc4 53.g3 
g4 54.Ke3 Kxc3 55.Kf4 Bc8 56.Ke5 Kd3 57.d5 Ke3 58.d6 Kf3 0-1

[Event "POL-ch"]
[Site "Chorzow POL"]
[Date "2013.04.??"]
[Round "7"]
[White "Drozdowski, Kacper"]
[Black "Kanarek, Marcel"]
[Result "1-0"]
[WhiteElo "2432"]
[BlackElo "2482"]
[EventDate "2013.04.13"]
[PlyCount "89"]

1.c4 Nf6 2.Nc3 d6 3.d4 Nbd7 4.g3 e5 5.Bg2 c6 6.Nf3 e4 7.Ng5 d5 8.O-O h6 9.
Nh3 Nb6 10.cxd5 cxd5 11.Bf4 Bd7 12.Be5 Be7 13.a4 Bc6 14.Nf4 O-O 15.e3 g5 
16.Bxf6 Bxf6 17.Nh5 Bh8 18.b3 f5 19.a5 Nc8 20.f3 Be8 21.fxe4 dxe4 22.a6 
Nd6 23.axb7 Rb8 24.g4 Bxh5 25.gxh5 Rxb7 26.b4 Rxb4 27.Rxa7 Nc4 28.Qa1 Nxe3
29.Qa6 Qb6 30.Qa2+ Nc4 31.Kh1 Qxd4 32.Ne2 Qd2 33.Qa6 Qd6 34.Qa2 Bg7 35.Ng3
Qd5 36.Rc7 Be5 37.Nxf5 Rxf5 38.Rxf5 Qd1+ 39.Rf1 Qd5 40.Qa6 Nb6 41.Rc8+ Kg7
42.Re8 Kh7 43.Rxe5 Qxe5 44.Qb7+ Qg7 45.Bxe4+ 1-0

[Event "POL-ch"]
[Site "Chorzow POL"]
[Date "2013.04.??"]
[Round "8"]
[White "Bartel, Mateusz"]
[Black "Socko, Bartosz"]
[Result "0-1"]
[WhiteElo "2619"]
[BlackElo "2651"]
[EventDate "2013.04.13"]
[PlyCount "138"]

1.e4 e6 2.d4 d5 3.Nc3 Bb4 4.e5 c5 5.a3 Bxc3+ 6.bxc3 Ne7 7.a4 Qa5 8.Bd2 
Nbc6 9.Nf3 Bd7 10.Qc1 Qc7 11.Qa3 c4 12.g3 f6 13.exf6 gxf6 14.Bg2 e5 15.
dxe5 fxe5 16.Bg5 Bg4 17.O-O h6 18.Bxe7 Nxe7 19.Rab1 Bxf3 20.Bxf3 O-O 21.
Bg2 Rf6 22.Qb4 b6 23.Rbd1 e4 24.f3 exf3 25.Rde1 Nc6 26.Qb5 Raf8 27.Rxf3 
Rxf3 28.Qxd5+ R3f7 29.Qxc6 Qxc6 30.Bxc6 Rf2 31.Bd5+ Kh8 32.Re6 Rxc2 33.
Rxh6+ Kg7 34.Rh4 Rxc3 35.Rg4+ Kf6 36.Bxc4 Rc1+ 37.Kf2 Rc2+ 38.Be2 Re8 39.
Rf4+ Kg7 40.Rg4+ Kf6 41.Rf4+ Ke5 42.Kf3 Rc3+ 43.Kg2 Rc2 44.Kf3 Kd6 45.Bb5 
Rc3+ 46.Kg2 Rc2+ 47.Kf3 Rg8 48.Rh4 Ra2 49.Ke3 Ra3+ 50.Kd4 a6 51.Rh6+ Ke7 
52.Bc6 Rg5 53.Rh7+ Kd6 54.Rh6+ Kc7 55.Be8 Rg4+ 56.Ke5 Re3+ 57.Kf5 Rc4 58.
Rh7+ Kd8 59.Bf7 Rxa4 60.g4 Rf3+ 61.Kg5 b5 62.Be6 Re4 63.Bf5 Re7 64.Rh8+ 
Kc7 65.Kf6 Re1 66.h4 b4 67.Rc8+ Kb7 68.Rc2 b3 69.Rh2 a5 0-1

[Event "POL-ch"]
[Site "Chorzow POL"]
[Date "2013.04.??"]
[Round "8"]
[White "Gajewski, Grzegorz"]
[Black "Kempinski, Robert"]
[Result "1-0"]
[WhiteElo "2653"]
[BlackElo "2599"]
[EventDate "2013.04.13"]
[PlyCount "65"]

1.d4 d6 2.Nf3 Nf6 3.c4 Bf5 4.Nc3 g6 5.g3 Bg7 6.Bg2 c6 7.O-O O-O 8.d5 Ne4 
9.Nd4 Nxc3 10.bxc3 Bd7 11.Qb3 c5 12.Nc2 Bc8 13.e4 Nd7 14.f4 Qa5 15.Bd2 Nb6
16.a4 Bd7 17.Ne3 Rab8 18.Ra3 e6 19.Qa2 Rfe8 20.dxe6 Bxe6 21.f5 Bd7 22.Ng4 
Qa6 23.Nh6+ Bxh6 24.Bxh6 Qxc4 25.Qd2 Bc6 26.Rf4 Bxe4 27.a5 Nd7 28.Rxe4 
Rxe4 29.Bf1 Ne5 30.Qxd6 Qxf1+ 31.Kxf1 Re8 32.Ra2 Ng4 33.Bf4 1-0

[Event "POL-ch"]
[Site "Chorzow POL"]
[Date "2013.04.??"]
[Round "8"]
[White "Miton, Kamil"]
[Black "Markowski, Tomasz"]
[Result "1/2-1/2"]
[WhiteElo "2628"]
[BlackElo "2558"]
[EventDate "2013.04.13"]
[PlyCount "81"]

1.Nf3 Nf6 2.c4 b6 3.d4 e6 4.g3 Bb7 5.Bg2 Be7 6.O-O O-O 7.Nc3 Ne4 8.Bd2 Bf6
9.Ne5 Nxc3 10.Bxc3 Bxg2 11.Kxg2 c5 12.dxc5 bxc5 13.Qd6 Be7 14.Qd3 Qc7 15.
Qf3 Nc6 16.Nxc6 Qxc6 17.Qxc6 dxc6 18.Rfd1 Rfd8 19.Ba5 Rd4 20.Rac1 Kf8 21.
Kf3 Ke8 22.Bc3 Rxd1 23.Rxd1 g6 24.e4 Rd8 25.Rxd8+ Kxd8 26.e5 Kd7 27.Ke4 
Bf8 28.Bd2 Be7 29.Be3 a6 30.b3 h5 31.f3 Ke8 32.Bh6 Bd8 33.Be3 Be7 34.h3 
Kd7 35.g4 hxg4 36.fxg4 g5 37.Kd3 Kc7 38.Kc2 Kb7 39.Kb2 Kc7 40.Ka3 Kb7 41.
Kb2 1/2-1/2

[Event "POL-ch"]
[Site "Chorzow POL"]
[Date "2013.04.??"]
[Round "8"]
[White "Swiercz, Dariusz"]
[Black "Tomczak, Jacek"]
[Result "1-0"]
[WhiteElo "2622"]
[BlackElo "2564"]
[EventDate "2013.04.13"]
[PlyCount "89"]

1.e4 e6 2.d4 d5 3.Nc3 Nf6 4.Bg5 Bb4 5.e5 h6 6.Be3 Ne4 7.Qg4 g6 8.a3 Bxc3+ 
9.bxc3 c5 10.Bd3 Nxc3 11.dxc5 Nc6 12.Nf3 Bd7 13.O-O Qe7 14.a4 O-O-O 15.Ra3
d4 16.Bxd4 Nd5 17.c3 g5 18.Nd2 Nf4 19.Be4 f5 20.exf6 Qf8 21.Be3 Qxf6 22.
Nc4 e5 23.Qd1 Bf5 24.Nd6+ Rxd6 25.Qxd6 Qxd6 26.Bxf5+ Qe6 27.Bxe6+ Nxe6 28.
Rd1 Na5 29.Raa1 Kc7 30.Rab1 Nc4 31.Rb4 Nxe3 32.fxe3 Nxc5 33.Rd5 Nd7 34.
Rc4+ Kd8 35.a5 Rh7 36.Kf2 Rf7+ 37.Ke2 Rf6 38.g3 h5 39.h3 Re6 40.Rb5 b6 41.
Rd5 bxa5 42.Rxa5 a6 43.Rd5 Rf6 44.Kd3 Rf3 45.Rc6 1-0

[Event "POL-ch"]
[Site "Chorzow POL"]
[Date "2013.04.??"]
[Round "8"]
[White "Grabarczyk, Miroslaw"]
[Black "Tazbir, Marcin"]
[Result "1/2-1/2"]
[WhiteElo "2452"]
[BlackElo "2555"]
[EventDate "2013.04.13"]
[PlyCount "87"]

1.d4 Nf6 2.c4 e6 3.Nf3 c5 4.d5 exd5 5.cxd5 d6 6.Nc3 g6 7.h3 a6 8.a4 Qe7 9.
e3 Bg7 10.Bd3 O-O 11.O-O Nbd7 12.e4 Ne5 13.Nxe5 Qxe5 14.a5 Bd7 15.Re1 Rfe8
16.Bd2 Nh5 17.Qf3 Bf6 18.Rab1 Bg5 19.Bxg5 Qxg5 20.Bc4 Rac8 21.Re3 Re5 22.
Bf1 Rce8 23.b4 cxb4 24.Rxb4 Bc8 25.Na4 f5 26.Nb6 Nf6 27.Nxc8 fxe4 28.Qd1 
Rxc8 29.Rxb7 Rxd5 30.Qb3 Kh8 31.Ra7 Qh6 32.Rxe4 Rf8 33.Ree7 Rxa5 34.Rf7 
Re5 35.Qb7 Ree8 36.Qxa6 Rxf7 37.Rxf7 Rf8 38.Qa2 d5 39.Qa7 Rxf7 40.Qxf7 Qg7
41.Qe6 Qf8 42.g4 h6 43.Qe5 Kg7 44.Qc7+ 1/2-1/2

[Event "POL-ch"]
[Site "Chorzow POL"]
[Date "2013.04.??"]
[Round "8"]
[White "Szelag, Marcin"]
[Black "Macieja, Bartlomiej"]
[Result "1/2-1/2"]
[WhiteElo "2484"]
[BlackElo "2608"]
[EventDate "2013.04.13"]
[PlyCount "112"]

1.e4 c6 2.d4 d5 3.Nc3 dxe4 4.Nxe4 Bf5 5.Ng3 Bg6 6.h4 h6 7.Nf3 Nf6 8.Ne5 
Bh7 9.Bd3 Nbd7 10.Bxh7 Nxe5 11.Bf5 Ned7 12.Qf3 e6 13.Bd3 Be7 14.Ne2 Qc7 
15.Bf4 Bd6 16.O-O-O Bxf4+ 17.Nxf4 O-O-O 18.Rhe1 Kb8 19.Bf1 e5 20.dxe5 Nxe5
21.Rxd8+ Rxd8 22.Qc3 Ned7 23.g3 Nb6 24.Nd3 Re8 25.Rxe8+ Nxe8 26.Qd4 Qd6 
27.Qe5 Qxe5 28.Nxe5 Nd6 29.Bg2 Kc7 30.b3 a5 31.c4 Nd7 32.Nd3 b6 33.Kc2 Nb7
34.a3 Nbc5 35.Nf4 Nf6 36.Ne2 Ng4 37.Nd4 Nxf2 38.Bxc6 a4 39.bxa4 Nfe4 40.
Bd5 Nxg3 41.Bxf7 g5 42.hxg5 hxg5 43.Bd5 Nge4 44.Bxe4 Nxe4 45.Kb3 Kb7 46.
Kc2 Ka6 47.Kd3 Nc5+ 48.Ke3 Ka5 49.Nf3 g4 50.Ne5 g3 51.Nc6+ Kxa4 52.Ne7 Ne4
53.Kf3 Nd2+ 54.Kxg3 Nxc4 55.Nd5 Kxa3 56.Nxb6 Nxb6 1/2-1/2

[Event "POL-ch"]
[Site "Chorzow POL"]
[Date "2013.04.??"]
[Round "8"]
[White "Duda, Jan-Krzysztof"]
[Black "Urban, Klaudiusz"]
[Result "1-0"]
[WhiteElo "2497"]
[BlackElo "2467"]
[EventDate "2013.04.13"]
[PlyCount "131"]

1.e4 e5 2.Nf3 Nc6 3.Bb5 a6 4.Ba4 Nf6 5.O-O Be7 6.Re1 d6 7.c3 Bg4 8.h3 Bh5 
9.d3 Nd7 10.Nbd2 Nc5 11.Bc2 Ne6 12.g4 Bg6 13.Nf1 Ng5 14.Kg2 Nxf3 15.Qxf3 
Bg5 16.Ng3 Bxc1 17.Raxc1 Qg5 18.b4 h5 19.Qe3 Qxe3 20.fxe3 Nd8 21.Nf5 Ne6 
22.Kg3 Kd7 23.Bb3 hxg4 24.hxg4 Rh7 25.Rh1 Rah8 26.Bxe6+ fxe6 27.Rxh7 Rxh7 
28.Nh4 Be8 29.Nf3 Rh8 30.c4 Ke7 31.Nd2 Bd7 32.Nb1 a5 33.b5 b6 34.Nc3 Be8 
35.d4 exd4 36.exd4 Bg6 37.a3 Kf6 38.Kf4 Rh3 39.e5+ dxe5+ 40.dxe5+ Ke7 41.
c5 bxc5 42.Na4 Rxa3 43.Nxc5 Ra2 44.Nb7 Bc2 45.Nxa5 Rxa5 46.Rxc2 Rxb5 47.
Rxc7+ Kf8 48.Kg5 Rb4 49.Kh5 Re4 50.Rc5 Kf7 51.Ra5 Kg8 52.g5 Rf4 53.Kg6 Rf8
54.Ra7 Kh8 55.Re7 Rc8 56.Rxg7 Re8 57.Kh6 Rd8 58.Re7 Kg8 59.g6 Kf8 60.Rf7+ 
Kg8 61.Rc7 Rb8 62.g7 Re8 63.Kg6 Ra8 64.Rf7 Rb8 65.Kf6 Kh7 66.Rf8 1-0

[Event "POL-ch"]
[Site "Chorzow POL"]
[Date "2013.04.??"]
[Round "8"]
[White "Hnydiuk, Aleksander"]
[Black "Pakleza, Zbigniew"]
[Result "1/2-1/2"]
[WhiteElo "2400"]
[BlackElo "2486"]
[EventDate "2013.04.13"]
[PlyCount "80"]

1.e4 c6 2.d4 d5 3.Nc3 dxe4 4.Nxe4 Nf6 5.Nxf6+ gxf6 6.c3 Qd5 7.c4 Qd6 8.Be3
Na6 9.a3 Nc7 10.g3 h5 11.Nf3 Bh6 12.Qd2 Bg4 13.Bg2 Bxe3 14.fxe3 Bxf3 15.
Bxf3 h4 16.gxh4 Rxh4 17.Qf2 Rh6 18.O-O-O O-O-O 19.Bg4+ e6 20.h4 f5 21.Be2 
Rdh8 22.h5 Ne8 23.d5 Nf6 24.Bf3 Qc5 25.dxc6 bxc6 26.Rd4 e5 27.Rd2 e4 28.
Be2 Nxh5 29.Qg1 Ng3 30.Rxh6 Nxe2+ 31.Rxe2 Rxh6 32.Qg8+ Kb7 33.Qxf7+ Kb6 
34.b4 Qe5 35.c5+ Ka6 36.Qc4+ Kb7 37.Qf7+ Ka6 38.Qc4+ Kb7 39.Qf7+ Ka6 40.
Qc4+ Kb7 1/2-1/2

[Event "POL-ch"]
[Site "Chorzow POL"]
[Date "2013.04.??"]
[Round "8"]
[White "Czakon, Jakub"]
[Black "Jaracz, Pawel"]
[Result "0-1"]
[WhiteElo "2485"]
[BlackElo "2548"]
[EventDate "2013.04.13"]
[PlyCount "88"]

1.f4 b6 2.e4 Bb7 3.Nc3 e6 4.Nf3 d5 5.Qe2 dxe4 6.Nxe4 Be7 7.d3 Nh6 8.Bd2 c5
9.O-O-O Nc6 10.g4 Qc7 11.f5 exf5 12.gxf5 Nxf5 13.Rg1 O-O 14.Qg2 g6 15.Nfg5
Ncd4 16.Qh3 h6 17.Nf3 Bxe4 18.dxe4 Nxf3 19.Qxf3 Nd4 20.Qf2 Kg7 21.Bc4 Rad8
22.h4 b5 23.Bd5 Qe5 24.Be3 Bf6 25.c3 Ne6 26.Rdf1 Be7 27.Qg2 Bxh4 28.Rxf7+ 
Kxf7 29.Qxg6+ Ke7 30.Qxh6 Qf6 31.Bxc5+ Nxc5 32.Rg7+ Kd6 33.Rg6 Rde8 34.b4 
Nd7 35.Qf4+ Ke7 36.Rxf6 Bxf6 37.Qc7 Rc8 38.Qxa7 Rxc3+ 39.Kd2 Rfc8 40.Bb3 
Rh8 41.Qg1 Rch3 42.Bd1 Rh1 43.Qe3 R8h2+ 44.Be2 Rg2 0-1

[Event "POL-ch"]
[Site "Chorzow POL"]
[Date "2013.04.??"]
[Round "8"]
[White "Licznerski, Lukasz"]
[Black "Kanarek, Marcel"]
[Result "1/2-1/2"]
[WhiteElo "2338"]
[BlackElo "2482"]
[EventDate "2013.04.13"]
[PlyCount "104"]

1.e4 c5 2.Nf3 Nc6 3.d4 cxd4 4.Nxd4 Qb6 5.Nb3 Nf6 6.Nc3 e6 7.Be3 Qc7 8.Bd3 
d6 9.O-O a6 10.Na4 Nd7 11.c4 b6 12.Nd4 Bb7 13.Nxc6 Bxc6 14.Bd4 b5 15.cxb5 
axb5 16.Nc3 b4 17.Nb5 Qb8 18.a4 Nc5 19.Re1 e5 20.Bxc5 dxc5 21.Bc4 Be7 22.
Bd5 Ra6 23.Bxc6+ Rxc6 24.Qd5 Rb6 25.a5 Ra6 26.Qc4 O-O 27.Nc7 Ra7 28.Nd5 
Rc8 29.Rec1 Bg5 30.Rd1 h6 31.a6 Rc6 32.Ra5 Bd8 33.Ra4 Qc8 34.Rda1 h5 35.h3
Kh7 36.Qb5 h4 37.b3 c4 38.bxc4 Rxc4 39.Rxb4 Rc1+ 40.Rxc1 Qxc1+ 41.Kh2 Bg5 
42.Qe2 Bf4+ 43.g3 hxg3+ 44.fxg3 Bh6 45.h4 Qc8 46.Ra4 Qc6 47.Ra1 Qc5 48.Kg2
Qd4 49.Rb1 Rxa6 50.Rd1 Qa7 51.Rb1 Rc6 52.Qf2 Qd7 1/2-1/2

[Event "POL-ch"]
[Site "Chorzow POL"]
[Date "2013.04.??"]
[Round "9"]
[White "Socko, Bartosz"]
[Black "Gajewski, Grzegorz"]
[Result "1/2-1/2"]
[WhiteElo "2651"]
[BlackElo "2653"]
[EventDate "2013.04.13"]
[PlyCount "92"]

1.d4 Nf6 2.c4 e6 3.Nc3 Bb4 4.Qc2 d5 5.a3 Bxc3+ 6.Qxc3 Ne4 7.Qc2 c5 8.dxc5 
Nc6 9.e3 Qa5+ 10.Bd2 Nxd2 11.Qxd2 dxc4 12.Bxc4 Qxc5 13.Rc1 Qe7 14.Ne2 O-O 
15.O-O Rd8 16.Qc2 Bd7 17.Rfd1 Ne5 18.Ba2 Rac8 19.Qe4 Rxc1 20.Rxc1 Nc6 21.
Nc3 Be8 22.Bb1 g6 23.Rd1 Rxd1+ 24.Nxd1 Qd6 25.Qd3 Qxd3 26.Bxd3 Ne5 27.Be2 
Bc6 28.Nc3 Kf8 29.f4 Nd7 30.Kf2 Ke7 31.g4 h6 32.h4 e5 33.b4 b6 34.Bf3 Bxf3
35.Kxf3 Ke6 36.g5 hxg5 37.fxg5 f6 38.gxf6 Nxf6 39.e4 Kd7 40.Nd1 Ke6 41.Ne3
Ne8 42.Kg4 Kf6 43.Nd5+ Kf7 44.a4 Nd6 45.Nc3 Kg7 46.Kg5 Nf7+ 1/2-1/2

[Event "POL-ch"]
[Site "Chorzow POL"]
[Date "2013.04.??"]
[Round "9"]
[White "Swiercz, Dariusz"]
[Black "Dragun, Kamil"]
[Result "1/2-1/2"]
[WhiteElo "2622"]
[BlackElo "2492"]
[EventDate "2013.04.13"]
[PlyCount "92"]

1.e4 e5 2.Nf3 Nc6 3.Bb5 Nf6 4.d3 Bc5 5.O-O Nd4 6.Be3 c6 7.Bc4 Nxf3+ 8.Qxf3
Qe7 9.Nc3 O-O 10.Bb3 Bxe3 11.fxe3 d6 12.Ne2 a5 13.a4 Bg4 14.Qf2 Be6 15.
Bxe6 fxe6 16.Qg3 Nd7 17.Qg4 Rxf1+ 18.Rxf1 Rf8 19.Rxf8+ Kxf8 20.b3 Nf6 21.
Qh3 Kf7 22.Ng3 b5 23.Nh5 Nd7 24.Qf3+ Kg8 25.d4 bxa4 26.bxa4 Nb6 27.Qg4 g6 
28.Ng3 Nxa4 29.Qe2 Nb2 30.Qa6 Qc7 31.Nf1 Kf7 32.Nd2 c5 33.Qb5 cxd4 34.Qxb2
dxe3 35.Nf3 Qc5 36.Kf1 Qc4+ 37.Ke1 Kg7 38.Qb3 Qxe4 39.Qxe6 Qxc2 40.Qe7+ 
Kg8 41.Qe8+ Kg7 42.Qe7+ Kg8 43.Qd8+ Kg7 44.Qd7+ Kg8 45.Qe6+ Kg7 46.Qe7+ 
Kg8 1/2-1/2

[Event "POL-ch"]
[Site "Chorzow POL"]
[Date "2013.04.??"]
[Round "9"]
[White "Miton, Kamil"]
[Black "Bartel, Mateusz"]
[Result "1/2-1/2"]
[WhiteElo "2628"]
[BlackElo "2619"]
[EventDate "2013.04.13"]
[PlyCount "75"]

1.d4 d5 2.c4 e6 3.Nf3 c6 4.Nbd2 f5 5.g3 Nf6 6.Bg2 Bd6 7.O-O Nbd7 8.Qc2 Qe7
9.b3 b6 10.Bb2 Bb7 11.Ne5 O-O 12.Ndf3 Ne4 13.Nxd7 Qxd7 14.Ne5 Bxe5 15.dxe5
f4 16.f3 Nc5 17.Rad1 Qe7 18.Rd4 fxg3 19.hxg3 Qg5 20.Qc1 Qf5 21.Rf4 Qh5 22.
Rh4 Qf7 23.Qc2 g5 24.Rh6 Qg7 25.Rf6 Rae8 26.cxd5 cxd5 27.Bd4 Nd7 28.Rxf8+ 
Nxf8 29.Qd2 h6 30.a4 Ng6 31.Bh3 Qf7 32.Rc1 Ba6 33.Rc6 Bb7 34.Rc3 Ba6 35.
Rc6 Bb7 36.Rc3 Ba6 37.Qc2 Re7 38.Qd2 1/2-1/2